[Event "Gipuzkoako Txapelketa Nagusia"]
[Site "Donostia"]
[Date "2008.11.01"]
[Round "2.1"]
[White "Sanchez Ruesga, Hector"]
[Black "Kuende Gorostidi, Jon"]
[Result "1-0"]
[WhiteElo "1783"]
[BlackElo "1826"]
[PlyCount "81"]
[EventDate "2008.10.25"]
[EventRounds "7"]
[EventCountry "ESP"]

1. d4 Nf6 2. c4 b6 3. Nc3 Bb7 4. Bf4 e6 5. e3 Bb4 6. Nge2 h5 7. a3 Be7 8. Ng1
d6 9. Nf3 Ne4 10. Nxe4 Bxe4 11. h4 c6 12. Bd3 Bxf3 13. Qxf3 Bxh4 14. g3 g5 15.
gxh4 gxf4 16. Qxf4 Na6 17. O-O-O Nc7 18. Rdg1 Rb8 19. Rg7 Rf8 20. Qf3 e5 21.
Qxc6+ Ke7 22. dxe5 dxe5 23. Bf5 Qd6 24. Qxd6+ Kxd6 25. Rd1+ Ke7 26. Rh7 Ne6 27.
Bxe6 Kxe6 28. Rxh5 Rh8 29. Rxh8 Rxh8 30. Rh1 e4 31. Kd2 Kf5 32. Ke2 Kg6 33. h5+
Kh6 34. Rh4 f5 35. f3 Kg5 36. Rh2 Rc8 37. b3 b5 38. h6 bxc4 39. h7 cxb3 40.
h8=Q Rc2+ 41. Kd1 1-0

[Event "Gipuzkoako Txapelketa Nagusia"]
[Site "Donostia"]
[Date "2008.11.01"]
[Round "2.1"]
[White "Garro Beraza, Julen"]
[Black "Galarraga Lasa, Jon Gurutz"]
[Result "1-0"]
[WhiteElo "1761"]
[BlackElo "1814"]
[PlyCount "59"]
[EventDate "2008.10.25"]
[EventRounds "7"]
[EventCountry "ESP"]

1. e4 c5 2. Nf3 d6 3. d4 cxd4 4. Nxd4 Nf6 5. Nc3 a6 6. f3 e5 7. Nb3 Be7 8. Be3
Be6 9. Qd2 O-O 10. O-O-O b5 11. g4 Nc6 12. Nd5 Nd7 13. g5 Bxd5 14. exd5 Na7 15.
Rg1 Qc7 16. Kb1 Rfc8 17. h4 Nb6 18. Na5 Nxd5 19. Qxd5 Qxa5 20. Bd3 Nc6 21. g6
hxg6 22. Bxg6 Nd8 23. Bh6 Bf8 24. Bf5 Rcb8 25. Rxg7+ Bxg7 26. Rg1 Ra7 27. Rxg7+
Kh8 28. Rh7+ Kg8 29. Qd1 Qb6 30. f4 1-0

[Event "Gipuzkoako Txapelketa Nagusia"]
[Site "Donostia"]
[Date "2008.11.08"]
[Round "3.1"]
[White "Galarza Cenzano, Inigo"]
[Black "Martin Alvarez, Inigo"]
[Result "0-1"]
[WhiteElo "2022"]
[BlackElo "2212"]
[PlyCount "100"]
[EventDate "2008.10.25"]
[EventRounds "7"]
[EventCountry "ESP"]

1. e4 c5 2. Nf3 Nc6 3. Bb5 e6 4. Bxc6 bxc6 5. d3 d5 6. Nbd2 Qc7 7. O-O Bd6 8.
Re1 f6 9. e5 fxe5 10. Nxe5 Nf6 11. Ndf3 O-O 12. Qe2 Rb8 13. b3 a5 14. c4 Rb7
15. Bg5 Kh8 16. g4 Nd7 17. Nxd7 Qxd7 18. Ne5 Bxe5 19. Qxe5 Qf7 20. f4 Qg6 21.
Re3 h6 22. Rh3 Kg8 23. Bxh6 gxh6 24. g5 h5 25. Kh1 Rbf7 26. Qe2 Rxf4 27. Rxh5
Qf5 28. Rg1 Rf1 29. g6 Qf3+ 30. Qxf3 R8xf3 31. Rh7 Rxg1+ 32. Kxg1 e5 33. h4
Rg3+ 34. Kh2 Rxg6 35. Re7 Re6 36. Rc7 Re8 37. Rxc6 e4 38. dxe4 dxe4 39. Rxc5 e3
40. Rg5+ Kf7 41. Rg1 e2 42. Re1 Bg4 43. Kg3 Bh5 44. Kf2 Rd8 45. Ke3 Rd1 46. Kf2
Ke6 47. a3 Ke5 48. b4 axb4 49. axb4 Kd4 50. c5 Kd5 0-1

[Event "Gipuzkoako Txapelketa Nagusia"]
[Site "Donostia"]
[Date "2008.11.08"]
[Round "3.1"]
[White "Juez Villar, Erik"]
[Black "Sanz Perez, Eduardo"]
[Result "0-1"]
[WhiteElo "1960"]
[BlackElo "2184"]
[PlyCount "52"]
[EventDate "2008.10.25"]
[EventRounds "7"]
[EventCountry "ESP"]

1. d4 e6 2. c4 Nf6 3. Nc3 Bb4 4. f3 c5 5. a3 Ba5 6. e4 cxd4 7. Qxd4 Nc6 8. Qe3
O-O 9. b4 Bc7 10. Bb2 d5 11. cxd5 exd5 12. Rd1 d4 13. Qf2 Bb6 14. Na4 Bc7 15.
Bb5 a5 16. Bxc6 bxc6 17. Bxd4 axb4 18. Nb6 Rxa3 19. Nxc8 Qxc8 20. Ne2 Ra2 21.
O-O Qe6 22. Qe1 c5 23. Bf2 b3 24. Nc1 Rc2 25. Qe3 c4 26. Qa7 Bf4 0-1

[Event "Gipuzkoako Txapelketa Nagusia"]
[Site "Donostia"]
[Date "2008.11.08"]
[Round "3.1"]
[White "Alcaide Luque, Aitor"]
[Black "Arana Garate, Jon"]
[Result "0-1"]
[WhiteElo "2144"]
[BlackElo "1917"]
[PlyCount "100"]
[EventDate "2008.10.25"]
[EventRounds "7"]
[EventCountry "ESP"]

1. c4 Nf6 2. Nc3 e6 3. Nf3 d5 4. d4 Be7 5. Bg5 O-O 6. cxd5 Nxd5 7. Nxd5 exd5 8.
Bxe7 Qxe7 9. Rc1 c6 10. Qc2 f5 11. e3 f4 12. Qd2 Bf5 13. Bd3 fxe3 14. fxe3 Nd7
15. O-O Rae8 16. Rc3 Be4 17. Be2 Bxf3 18. Bxf3 Nf6 19. Qd3 Rf7 20. a3 Qe6 21.
h3 Rfe7 22. b4 Qxe3+ 23. Qxe3 Rxe3 24. Rfc1 Re1+ 25. Kh2 Rxc1 26. Rxc1 a6 27.
a4 Re7 28. b5 axb5 29. axb5 Rc7 30. Rc5 Kf8 31. g4 Ke7 32. g5 Ne8 33. Kg3 Kd6
34. bxc6 bxc6 35. Ra5 g6 36. h4 Ng7 37. Kg4 Ne6 38. Ra4 Rf7 39. Kg3 Ng7 40. Bg4
Re7 41. Kf3 Ne8 42. Ra8 Rf7+ 43. Ke3 Ng7 44. Kd3 Ne6 45. Ke3 Nxd4 46. Rd8+ Kc5
47. h5 gxh5 48. Bxh5 Re7+ 49. Kd3 Ne6 50. Rg8 Nf4+ 0-1

[Event "Gipuzkoako Txapelketa Nagusia"]
[Site "Donostia"]
[Date "2008.11.08"]
[Round "3.1"]
[White "Puga Senar, Fernando"]
[Black "Corral Sierra, Javier"]
[Result "1/2-1/2"]
[WhiteElo "1704"]
[BlackElo "2116"]
[PlyCount "119"]
[EventDate "2008.10.25"]
[EventRounds "7"]
[EventCountry "ESP"]

1. d4 Nf6 2. c4 c5 3. e3 g6 4. g3 Bg7 5. Bg2 cxd4 6. exd4 d5 7. Nc3 dxc4 8.
Qa4+ Nfd7 9. Qxc4 O-O 10. Nge2 Nb6 11. Qd3 Nc6 12. Be3 Bg4 13. O-O e5 14. d5
Nb4 15. Qe4 Bxe2 16. Bxb6 Qxb6 17. Qxe2 Rac8 18. a3 Na6 19. Rac1 Nc5 20. Qb5 f5
21. Qxb6 axb6 22. Nb5 Nd3 23. Rxc8 Rxc8 24. b4 e4 25. g4 Rd8 26. d6 Kf7 27.
gxf5 gxf5 28. Rd1 Ke6 29. f3 exf3 30. Bxf3 Nb2 31. Re1+ Be5 32. Re2 Nc4 33.
Bxb7 Nxd6 34. Nxd6 Rxd6 35. a4 Rd1+ 36. Kg2 Rb1 37. a5 bxa5 38. Bc8+ Kf6 39.
bxa5 Ra1 40. a6 Ra3 41. Rc2 Bd4 42. Bb7 Ke5 43. Re2+ Kf4 44. Rd2 Ke3 45. Rc2 f4
46. Bf3 Rxa6 47. Re2+ Kd3 48. Re7 Ra2+ 49. Kh3 Bg1 50. Be4+ Kd4 51. Kg4 Re2 52.
Kxf4 Bxh2+ 53. Kf3 Re3+ 54. Kg2 Re2+ 55. Kf3 Re3+ 56. Kg2 Bf4 57. Kf2 h5 58.
Rd7+ Ke5 59. Bf3 h4 60. Re7+ 1/2-1/2

[Event "Gipuzkoako Txapelketa Nagusia"]
[Site "Donostia"]
[Date "2008.11.08"]
[Round "3.1"]
[White "Olaizola Ortega, Luis"]
[Black "Jimenez Crespo, Inigo"]
[Result "1-0"]
[WhiteElo "2205"]
[BlackElo "1953"]
[PlyCount "43"]
[EventDate "2008.10.25"]
[EventRounds "7"]
[EventCountry "ESP"]

1. d4 Nf6 2. Nf3 e6 3. Bg5 h6 4. Bh4 d5 5. e3 c5 6. Be2 Nbd7 7. O-O Qb6 8. b3
Bd6 9. c4 Ne4 10. Qd3 O-O 11. Nc3 Nxc3 12. Qxc3 Qc7 13. cxd5 exd5 14. Rac1 b6
15. Qd3 Bb7 16. Qf5 Rfe8 17. Bb5 Bc6 18. dxc5 bxc5 19. Nd4 Bxh2+ 20. Kh1 Re5
21. Qh3 cxd4 22. Bxc6 1-0

[Event "Gipuzkoako Txapelketa Nagusia"]
[Site "Donostia"]
[Date "2008.11.08"]
[Round "3.1"]
[White "Rodriguez Cabrera, Fco  Javier"]
[Black "Urretavizcaya Merino, Asier"]
[Result "0-1"]
[WhiteElo "1909"]
[BlackElo "2066"]
[PlyCount "52"]
[EventDate "2008.10.25"]
[EventRounds "7"]
[EventCountry "ESP"]

1. e4 c5 2. Nf3 d6 3. d4 cxd4 4. Nxd4 Nf6 5. Nc3 g6 6. Be3 Bg7 7. Qd2 Nc6 8. f3
O-O 9. O-O-O Bd7 10. Bh6 Nxe4 11. fxe4 Bxd4 12. Bxf8 Qxf8 13. Bc4 Bg7 14. Kb1
Ne5 15. Bb3 a5 16. a4 Qd8 17. Rhf1 b5 18. axb5 a4 19. Ba2 a3 20. b3 Rc8 21. b4
Nc4 22. Qf2 Be6 23. Nd5 Qd7 24. Rd4 Qxb5 25. c3 Bxd4 26. Qxd4 Bxd5 0-1

[Event "Gipuzkoako Txapelketa Nagusia"]
[Site "Donostia"]
[Date "2008.11.08"]
[Round "3.1"]
[White "Bello Castano, Diego"]
[Black "Tejedor Txapartegui, Nabar"]
[Result "1/2-1/2"]
[WhiteElo "1887"]
[BlackElo "2051"]
[PlyCount "33"]
[EventDate "2008.10.25"]
[EventRounds "7"]
[EventCountry "ESP"]

1. Nf3 d6 2. b3 e5 3. e4 Nf6 4. d4 exd4 5. Qxd4 Nc6 6. Qe3 g6 7. Bb2 Bg7 8. Nc3
O-O 9. Bd3 d5 10. Ne2 dxe4 11. Bxe4 Nxe4 12. Bxg7 Kxg7 13. Qxe4 Re8 14. Qf4 Qe7
15. O-O Qf6 16. Qxf6+ Kxf6 17. Nf4 1/2-1/2

[Event "Gipuzkoako Txapelketa Nagusia"]
[Site "Donostia"]
[Date "2008.11.08"]
[Round "3.1"]
[White "Garro Beraza, Haritz"]
[Black "Cantabrana Garona, Alejandro"]
[Result "1-0"]
[WhiteElo "2032"]
[BlackElo "1834"]
[PlyCount "105"]
[EventDate "2008.10.25"]
[EventRounds "7"]
[EventCountry "ESP"]

1. e4 c5 2. Nf3 e6 3. d3 Nc6 4. g3 g6 5. Bg2 Bg7 6. O-O Nge7 7. c3 Rb8 8. Be3
d6 9. Qd2 O-O 10. Bh6 b5 11. Bxg7 Kxg7 12. Re1 e5 13. d4 cxd4 14. cxd4 b4 15.
b3 Bg4 16. d5 Bxf3 17. Bxf3 Nd4 18. Bd1 Qb6 19. a3 a5 20. axb4 axb4 21. Ra2 f5
22. Qd3 Ra8 23. Rd2 f4 24. Kg2 g5 25. Rb2 Rfc8 26. Kh1 Kh8 27. Bg4 Rf8 28. Nd2
Rf6 29. Nf3 Nxf3 30. Bxf3 fxg3 31. fxg3 Raf8 32. Bg2 g4 33. Rbb1 Ng8 34. Rf1 h5
35. Rf5 Rxf5 36. exf5 Nf6 37. Ra1 Qc5 38. Qd2 Qc3 39. Qxc3 bxc3 40. Rc1 Rc8 41.
Kg1 Kg7 42. Kf2 e4 43. Ke3 Nxd5+ 44. Kxe4 Nb4 45. Kd4 Na2 46. Rc2 Kf6 47. Be4
d5 48. Bd3 Nb4 49. Rxc3 Rxc3 50. Kxc3 Nxd3 51. Kxd3 Kxf5 52. Kd4 Ke6 53. b4 1-0

[Event "Gipuzkoako Txapelketa Nagusia"]
[Site "Donostia"]
[Date "2008.11.08"]
[Round "3.1"]
[White "Alvarado Fernandez, Mikel"]
[Black "Sanchez Ruesga, Hector"]
[Result "0-1"]
[WhiteElo "2011"]
[BlackElo "1783"]
[PlyCount "64"]
[EventDate "2008.10.25"]
[EventRounds "7"]
[EventCountry "ESP"]

1. d4 Nf6 2. Bg5 e6 3. e4 Be7 4. Bxf6 Bxf6 5. e5 Be7 6. Bd3 d5 7. Qg4 O-O 8. h4
f5 9. Qg3 c5 10. dxc5 Nd7 11. b4 f4 12. Qg4 Nxe5 13. Bxh7+ Kxh7 14. Qh5+ Kg8
15. Qxe5 Bf6 16. Qe2 Bxa1 17. h5 Qf6 18. Nf3 Bc3+ 19. Kf1 Bd7 20. h6 gxh6 21.
a3 a5 22. Rh4 axb4 23. Nxc3 Qxc3 24. Kg1 Rf5 25. axb4 Ra1+ 26. Kh2 Qxb4 27.
Rxh6 Kg7 28. Rh4 Qb1 29. Ne1 Qxe1 30. Qg4+ Kf6 31. Rh6+ Ke5 32. Qg7+ Ke4 0-1

[Event "Gipuzkoako Txapelketa Nagusia"]
[Site "Donostia"]
[Date "2008.11.08"]
[Round "3.1"]
[White "Olmo Vega, Diego"]
[Black "Garro Beraza, Julen"]
[Result "1-0"]
[WhiteElo "1977"]
[BlackElo "1761"]
[PlyCount "45"]
[EventDate "2008.10.25"]
[EventRounds "7"]
[EventCountry "ESP"]

1. e4 c5 2. Nf3 d6 3. d4 cxd4 4. Nxd4 Nf6 5. Nc3 a6 6. f3 e6 7. Be3 Be7 8. Qd2
O-O 9. O-O-O Nc6 10. g4 Nxd4 11. Qxd4 b5 12. g5 Nd7 13. h4 Qc7 14. h5 Ne5 15.
h6 f6 16. hxg7 Rf7 17. gxf6 Bxf6 18. f4 Nc4 19. e5 Nxe3 20. Qxe3 dxe5 21. Qe4
Rxg7 22. Qxa8 exf4 23. Ne4 1-0

[Event "Gipuzkoako Txapelketa Nagusia"]
[Site "Donostia"]
[Date "2008.11.08"]
[Round "3.1"]
[White "Zubia Aramburu, Mikel"]
[Black "Nogues Fernandez, Ramon"]
[Result "1/2-1/2"]
[WhiteElo "1895"]
[BlackElo "1824"]
[PlyCount "66"]
[EventDate "2008.10.25"]
[EventRounds "7"]
[EventCountry "ESP"]

1. c4 Nf6 2. Nc3 e5 3. g3 Bb4 4. Bg2 O-O 5. Nf3 Nc6 6. d3 e4 7. dxe4 Nxe4 8.
Qc2 Bxc3+ 9. bxc3 Re8 10. O-O b6 11. Nd4 Nxd4 12. cxd4 Bb7 13. d5 Qe7 14. Bf4
d6 15. Rad1 Bc8 16. Rd4 f5 17. f3 Nc5 18. e4 Qf6 19. Rd2 Bd7 20. Be3 Qg6 21.
Bxc5 bxc5 22. Bh3 Rf8 23. Re2 Rae8 24. f4 Qh5 25. Bg2 fxe4 26. Bxe4 Bh3 27.
Rfe1 Bg4 28. Bxh7+ Kh8 29. Rxe8 Rxe8 30. Rxe8+ Qxe8 31. Bd3 Qe3+ 32. Kg2 Qf3+
33. Kg1 Qe3+ 1/2-1/2

[Event "Gipuzkoako Txapelketa Nagusia"]
[Site "Donostia"]
[Date "2008.11.08"]
[Round "3.1"]
[White "Kuende Gorostidi, Jon"]
[Black "Iglesias Gonzalez, Veronica"]
[Result "1/2-1/2"]
[WhiteElo "1826"]
[BlackElo "1805"]
[PlyCount "57"]
[EventDate "2008.10.25"]
[EventRounds "7"]
[EventCountry "ESP"]

1. e4 e5 2. Nf3 d6 3. d4 exd4 4. Nxd4 Nf6 5. Nc3 c5 6. Bb5+ Bd7 7. Bxd7+ Qxd7
8. Nf5 g6 9. Bg5 gxf5 10. Bxf6 Rg8 11. exf5 Be7 12. Qe2 Nc6 13. Nd5 Kf8 14.
Bxe7+ Nxe7 15. Nf6 Qxf5 16. Nxg8 Nxg8 17. O-O-O d5 18. Rhe1 d4 19. Rd3 Qg5+ 20.
f4 Qxf4+ 21. Kb1 Qd6 22. Qg4 Ne7 23. Rf3 Ng6 24. Re6 Re8 25. Rxf7+ Kxf7 26.
Qf5+ Kg7 27. Qf6+ Kh6 28. Qh4+ Kg7 29. Qf6+ 1/2-1/2

[Event "Gipuzkoako Txapelketa Nagusia"]
[Site "Donostia"]
[Date "2008.11.08"]
[Round "3.1"]
[White "Galarraga Lasa, Jon Gurutz"]
[Black "Ezkerro Hernandez, Pablo"]
[Result "1-0"]
[WhiteElo "1814"]
[BlackElo "1794"]
[PlyCount "67"]
[EventDate "2008.10.25"]
[EventRounds "7"]
[EventCountry "ESP"]

1. Nf3 e6 2. d4 d5 3. Bf4 c5 4. e3 Nc6 5. c3 c4 6. Nbd2 Bd6 7. Bxd6 Qxd6 8. e4
Nge7 9. Be2 O-O 10. e5 Qc7 11. Qc2 f6 12. exf6 Rxf6 13. O-O e5 14. dxe5 Nxe5
15. Nxe5 Qxe5 16. Nf3 Qf4 17. b3 Bg4 18. Nd4 Rh6 19. g3 Qg5 20. f4 Qh5 21. Bxg4
Qxg4 22. Rae1 Kf7 23. Rxe7+ Kxe7 24. Nf5+ Kf6 25. Nxh6 gxh6 26. Qxh7 Qg7 27.
Qxg7+ Kxg7 28. Rd1 cxb3 29. axb3 Rd8 30. Kf2 Kf6 31. Ke3 h5 32. Rd2 a5 33. Kd3
b5 34. Ra2 1-0

[Event "Gipuzkoako Txapelketa Nagusia"]
[Site "Donostia"]
[Date "2008.11.08"]
[Round "3.1"]
[White "Lazkano Gaite, Tomas"]
[Black "Izagirre Alsua, Aritz"]
[Result "1-0"]
[WhiteElo "1776"]
[BlackElo "1807"]
[PlyCount "143"]
[EventDate "2008.10.25"]
[EventRounds "7"]
[EventCountry "ESP"]

1. d4 Nf6 2. c4 e6 3. Nc3 d5 4. Bg5 Be7 5. Nf3 Nbd7 6. e3 a6 7. Bd3 b6 8. cxd5
exd5 9. O-O O-O 10. e4 dxe4 11. Nxe4 Bb7 12. Ng3 Nd5 13. Bxe7 Qxe7 14. Qd2 c5
15. Rae1 Qd8 16. dxc5 Nxc5 17. Bb1 a5 18. Re5 Nf6 19. Qg5 Ne6 20. Qh4 g6 21.
Nf5 Ne8 22. Ng5 Nxg5 23. Ne7+ Kg7 24. Qxg5 f6 25. Nf5+ Kh8 26. Qh6 Rf7 27.
Rxe8+ Qxe8 28. Nd6 Qf8 29. Nxf7+ Qxf7 30. Rd1 Rg8 31. Qh3 f5 32. Qc3+ Qg7 33.
Qc1 Re8 34. f3 Qe5 35. Rd7 Ba6 36. Bd3 Bc8 37. Rc7 Qd4+ 38. Kh1 Bd7 39. Bf1 Be6
40. Bb5 Rd8 41. h3 Bxa2 42. Rc3 Qd1+ 43. Qxd1 Rxd1+ 44. Kh2 Rd5 45. Be8 Rc5 46.
Re3 Kg7 47. b3 Kf6 48. Bd7 b5 49. h4 b4 50. Kg3 Rc3 51. Re6+ Kg7 52. Ra6 Bxb3
53. Rxa5 Bf7 54. h5 b3 55. Rb5 Rc2 56. Rb7 b2 57. Be6 g5 58. Rxf7+ Kh6 59. Rb7
f4+ 60. Kg4 Rxg2+ 61. Kf5 Rc2 62. Bg8 Rc5+ 63. Kg4 b1=Q 64. Rxb1 Kg7 65. Ba2 h6
66. Rb6 Rc1 67. Rb7+ Kh8 68. Kf5 Rc5+ 69. Kf6 Rc8 70. Be6 Rf8+ 71. Kg6 Re8 72.
Rh7# 1-0

[Event "Gipuzkoako Txapelketa Nagusia"]
[Site "Donostia"]
[Date "2008.11.15"]
[Round "4.1"]
[White "Martin Alvarez, Inigo"]
[Black "Arana Garate, Jon"]
[Result "1-0"]
[WhiteElo "2212"]
[BlackElo "1917"]
[PlyCount "103"]
[EventDate "2008.10.25"]
[EventRounds "7"]
[EventCountry "ESP"]

1. e4 c6 2. d4 d5 3. exd5 cxd5 4. c4 Nf6 5. Nc3 e6 6. Nf3 Be7 7. cxd5 Nxd5 8.
Bd3 Nc6 9. O-O O-O 10. Re1 a6 11. a3 Bf6 12. Be4 Nce7 13. Ne5 Bxe5 14. dxe5
Nxc3 15. bxc3 Ng6 16. Qh5 f5 17. exf6 Qxf6 18. Be3 Rb8 19. Ba7 Ra8 20. Bc5 Rf7
21. Rad1 Bd7 22. Rd3 e5 23. Rf3 Qe6 24. Rh3 Rf5 25. Qxh7+ Kf7 26. Bxf5 Qxf5 27.
Rf3 Qxf3 28. gxf3 Rh8 29. Qxh8 Nxh8 30. f4 Ng6 31. fxe5 Nf4 32. Bd4 Bc6 33. h4
Ke6 34. Re3 Kf5 35. Kh2 Bd5 36. Rg3 Ne6 37. a4 Bc6 38. a5 Bd5 39. Rg1 Be4 40.
Rg3 Bd5 41. f3 Bc4 42. Kg1 g6 43. Kf2 Bb5 44. Ke3 Bc4 45. Rg2 Bd5 46. Rb2 Bc6
47. c4 Nc7 48. Bc3 Ne6 49. Rd2 Nf4 50. e6 Nxe6 51. Rd6 Ba4 52. Rd5# 1-0

[Event "Gipuzkoako Txapelketa Nagusia"]
[Site "Donostia"]
[Date "2008.11.15"]
[Round "4.1"]
[White "Sanz Perez, Eduardo"]
[Black "Puga Senar, Fernando"]
[Result "1-0"]
[WhiteElo "2184"]
[BlackElo "1704"]
[PlyCount "63"]
[EventDate "2008.10.25"]
[EventRounds "7"]
[EventCountry "ESP"]

1. f4 g6 2. e4 Bg7 3. Nf3 d6 4. Nc3 Bg4 5. h3 Bd7 6. g3 Nc6 7. Bg2 e5 8. d3
exf4 9. Bxf4 Nge7 10. O-O Nd4 11. Qd2 h5 12. Kh2 Ne6 13. Be3 c6 14. Rf2 d5 15.
e5 Nf5 16. d4 Nxe3 17. Qxe3 Bh6 18. Qd3 O-O 19. Raf1 Qe7 20. Nh4 Be8 21. Rf6
Bg5 22. Nd1 c5 23. Nc3 Nxd4 24. Nxg6 fxg6 25. Rxf8+ Kg7 26. Bxd5 Qxe5 27. Rg8+
Kh6 28. Rff8 Qe1 29. Rh8+ Kg7 30. Rfg8+ Kf6 31. Ne4+ Ke5 32. Rxe8+ 1-0

[Event "Gipuzkoako Txapelketa Nagusia"]
[Site "Donostia"]
[Date "2008.11.15"]
[Round "4.1"]
[White "Corral Sierra, Javier"]
[Black "Olaizola Ortega, Luis"]
[Result "0-1"]
[WhiteElo "2116"]
[BlackElo "2205"]
[PlyCount "50"]
[EventDate "2008.10.25"]
[EventRounds "7"]
[EventCountry "ESP"]

1. e4 e6 2. d4 d5 3. Nc3 Bb4 4. e5 c5 5. Bd2 Ne7 6. a3 Bxc3 7. Bxc3 cxd4 8.
Bxd4 Nbc6 9. Nf3 Nxd4 10. Qxd4 Nc6 11. Qg4 O-O 12. Bd3 f5 13. Qg3 Bd7 14. h4
Qa5+ 15. c3 Qa4 16. h5 Qg4 17. Qh2 Rac8 18. Qg1 Qa4 19. Qf1 d4 20. c4 Qa5+ 21.
Ke2 Nxe5 22. b4 Qc7 23. Nxd4 Nxd3 24. Kxd3 Qxc4+ 25. Ke3 f4+ 0-1

[Event "Gipuzkoako Txapelketa Nagusia"]
[Site "Donostia"]
[Date "2008.11.15"]
[Round "4.1"]
[White "Alcaide Luque, Aitor"]
[Black "Juez Villar, Erik"]
[Result "1-0"]
[WhiteElo "2144"]
[BlackElo "1960"]
[PlyCount "39"]
[EventDate "2008.10.25"]
[EventRounds "7"]
[EventCountry "ESP"]

1. d4 Nf6 2. Bg5 c5 3. d5 Qb6 4. Nc3 Qxb2 5. Bd2 Qb6 6. e4 d6 7. f4 a6 8. e5
dxe5 9. fxe5 Bg4 10. Be2 Bxe2 11. Qxe2 Nfd7 12. Nf3 g6 13. e6 fxe6 14. Ng5 e5
15. Ne6 Qxe6 16. dxe6 Nf6 17. Qf3 Nc6 18. Nd5 Nxd5 19. Qxd5 Bg7 20. Qd7+ 1-0

[Event "Gipuzkoako Txapelketa Nagusia"]
[Site "Donostia"]
[Date "2008.11.15"]
[Round "4.1"]
[White "Urretavizcaya Merino, Asier"]
[Black "Olmo Vega, Diego"]
[Result "0-1"]
[WhiteElo "2066"]
[BlackElo "1977"]
[PlyCount "68"]
[EventDate "2008.10.25"]
[EventRounds "7"]
[EventCountry "ESP"]

1. Nf3 Nf6 2. g3 g6 3. b3 Bg7 4. Bb2 O-O 5. d4 d6 6. Bg2 Nbd7 7. O-O Ne4 8.
Nfd2 Nxd2 9. Nxd2 c6 10. c4 Qc7 11. Qc2 e5 12. dxe5 dxe5 13. Rad1 Nf6 14. Bc3
Bg4 15. Rfe1 Rfe8 16. Qb2 Bf8 17. h3 Bf5 18. Nf3 Nd7 19. e4 Be6 20. Nxe5 Bxh3
21. Nxg6 Bg4 22. Nf4 Bxd1 23. Rxd1 Bd6 24. Nh5 Be5 25. Rxd7 Qxd7 26. Kh2 Qg4
27. Nf6+ Bxf6 28. Bxf6 Qh5+ 29. Kg1 Rad8 30. Bxd8 Rxd8 31. Bf1 Rd6 32. Qc1 Rh6
33. Bg2 Qh2+ 34. Kf1 Qh1+ 0-1

[Event "Gipuzkoako Txapelketa Nagusia"]
[Site "Donostia"]
[Date "2008.11.15"]
[Round "4.1"]
[White "Sanchez Ruesga, Hector"]
[Black "Garro Beraza, Haritz"]
[Result "1/2-1/2"]
[WhiteElo "1783"]
[BlackElo "2032"]
[PlyCount "84"]
[EventDate "2008.10.25"]
[EventRounds "7"]
[EventCountry "ESP"]

1. d4 Nf6 2. c4 g6 3. Nc3 Bg7 4. Nf3 d6 5. e3 O-O 6. Be2 c6 7. Rb1 Bf5 8. Bd3
Bxd3 9. Qxd3 Qc7 10. O-O Nbd7 11. b4 e5 12. d5 Rac8 13. Nd2 cxd5 14. Nxd5 Nxd5
15. cxd5 Qc2 16. Qxc2 Rxc2 17. Ne4 Nb6 18. Nxd6 Nxd5 19. Bb2 Nxb4 20. Ba3 a5
21. Bxb4 axb4 22. Rxb4 Rxa2 23. Rxb7 Ra6 24. Rd7 Raa8 25. Ne4 Rfd8 26. Rxd8+
Rxd8 27. Nc3 Bf8 28. Rd1 Rxd1+ 29. Nxd1 f5 30. Kf1 Kf7 31. f3 Ke6 32. e4 Bh6
33. Ke2 Kd6 34. Kd3 Kc5 35. Nc3 Bg5 36. Nd5 Bd8 37. Ne3 f4 38. Ng4 Bc7 39. Nf6
h6 40. Ng8 h5 41. Ne7 g5 42. Nd5 Bd8 1/2-1/2

[Event "Gipuzkoako Txapelketa Nagusia"]
[Site "Donostia"]
[Date "2008.11.15"]
[Round "4.1"]
[White "Irure Crespo, Egoitz"]
[Black "Galarza Cenzano, Inigo"]
[Result "1/2-1/2"]
[WhiteElo "1935"]
[BlackElo "2022"]
[PlyCount "26"]
[EventDate "2008.10.25"]
[EventRounds "7"]
[EventCountry "ESP"]

1. e4 e5 2. Nf3 Nc6 3. Bb5 a6 4. Bxc6 dxc6 5. d4 exd4 6. Qxd4 Qxd4 7. Nxd4 Bd7
8. Nc3 Bb4 9. Nde2 Nf6 10. f3 h5 11. a3 Bc5 12. Bf4 O-O-O 13. O-O-O Be6 1/2-1/2

[Event "Gipuzkoako Txapelketa Nagusia"]
[Site "Donostia"]
[Date "2008.11.15"]
[Round "4.1"]
[White "Tejedor Txapartegui, Nabar"]
[Black "Alvarado Fernandez, Mikel"]
[Result "0-1"]
[WhiteElo "2051"]
[BlackElo "2011"]
[PlyCount "124"]
[EventDate "2008.10.25"]
[EventRounds "7"]
[EventCountry "ESP"]

1. e4 g6 2. d4 Bg7 3. Nc3 d5 4. exd5 Nf6 5. Bc4 Nbd7 6. Nf3 O-O 7. O-O Nb6 8.
Bb3 a5 9. a4 Nbxd5 10. Nxd5 Nxd5 11. Bg5 Re8 12. Re1 c6 13. Qd2 Qd6 14. Bh6
Bxh6 15. Qxh6 Qf6 16. Re5 e6 17. Rae1 Bd7 18. Nd2 Qf4 19. Qxf4 Nxf4 20. Ne4 Kg7
21. Nd6 Reb8 22. Bc4 b6 23. R5e4 Nd5 24. Bxd5 cxd5 25. Rf4 Rf8 26. Nb5 Bxb5 27.
axb5 Rfc8 28. c3 Rc4 29. Rf3 a4 30. Ra1 Ra5 31. Re3 Rxb5 32. Re2 Rb3 33. Rc2 b5
34. Kf1 Rc7 35. Ke2 b4 36. Rxa4 bxc3 37. bxc3 Rbxc3 38. Rxc3 Rxc3 39. Kd2 Rc7
40. Ke3 f6 41. Ra5 g5 42. h3 Kg6 43. Ra6 Re7 44. f4 h5 45. fxg5 Kxg5 46. Kf3 h4
47. Rd6 Kf5 48. Ke3 Rg7 49. Kf2 Rg3 50. Rd8 Rd3 51. Rg8 Rxd4 52. g4+ hxg3+ 53.
Kxg3 Rd3+ 54. Kg2 Rd4 55. Kg3 e5 56. h4 Rd3+ 57. Kg2 Rc3 58. h5 Rc7 59. Kg3 d4
60. Rd8 Rg7+ 61. Kh4 Kf4 62. h6 Rg1 0-1

[Event "Gipuzkoako Txapelketa Nagusia"]
[Site "Donostia"]
[Date "2008.11.15"]
[Round "4.1"]
[White "Galarraga Lasa, Jon Gurutz"]
[Black "Guerrero Itarte, Alfredo"]
[Result "0-1"]
[WhiteElo "1814"]
[BlackElo "1910"]
[PlyCount "27"]
[EventDate "2008.10.25"]
[EventRounds "7"]
[EventCountry "ESP"]

1. e4 c5 2. Nf3 Nc6 3. Bb5 g6 4. O-O Bg7 5. c3 Nf6 6. Re1 O-O 7. d4 cxd4 8.
cxd4 d5 9. e5 Ne4 10. Nc3 Bg4 11. h3 Bxf3 12. Qxf3 Nxd4 13. Qd1 Nxc3 14. bxc3
0-1

[Event "Gipuzkoako Txapelketa Nagusia"]
[Site "Donostia"]
[Date "2008.11.15"]
[Round "4.1"]
[White "Iglesias Gonzalez, Veronica"]
[Black "Rodriguez Cabrera, Fco  Javier"]
[Result "1-0"]
[WhiteElo "1805"]
[BlackElo "1909"]
[PlyCount "63"]
[EventDate "2008.10.25"]
[EventRounds "7"]
[EventCountry "ESP"]

1. c4 e5 2. Nc3 Nf6 3. d3 c6 4. Nf3 d6 5. g3 Be6 6. Bg2 Nbd7 7. Be3 h6 8. Nd2
Ng4 9. O-O Nxe3 10. fxe3 Qb6 11. Kh1 Qxe3 12. Nde4 f5 13. Bh3 fxe4 14. Bxe6 Nf6
15. Qb3 Qb6 16. Qc2 Ke7 17. Bf5 exd3 18. exd3 Kd8 19. Na4 Qd4 20. b4 Be7 21. b5
Rf8 22. bxc6 bxc6 23. Qd2 Nd7 24. Qa5+ Nb6 25. Rab1 Kc7 26. Be4 Rxf1+ 27. Rxf1
Bf6 28. Rb1 Rb8 29. c5 dxc5 30. Nxc5 Kd6 31. Qxa7 Kxc5 32. Qa3+ 1-0

[Event "Gipuzkoako Txapelketa Nagusia"]
[Site "Donostia"]
[Date "2008.11.15"]
[Round "4.1"]
[White "Garro Beraza, Julen"]
[Black "Zubia Aramburu, Mikel"]
[Result "1/2-1/2"]
[WhiteElo "1761"]
[BlackElo "1895"]
[PlyCount "105"]
[EventDate "2008.10.25"]
[EventRounds "7"]
[EventCountry "ESP"]

1. e4 c6 2. d4 d5 3. exd5 cxd5 4. Bd3 Nf6 5. c3 Nc6 6. Bf4 Bg4 7. Qb3 Qd7 8.
Nd2 e6 9. Ngf3 Bxf3 10. Nxf3 Bd6 11. Bxd6 Qxd6 12. O-O O-O 13. Rfe1 Rfc8 14.
Ne5 Rc7 15. Re3 Rac8 16. Rae1 a6 17. Rh3 g6 18. Rf3 Ne4 19. Bxe4 dxe4 20. Rxe4
Nxd4 21. Rd3 Qxe5 22. Rdxd4 Qc5 23. Qd1 Qe7 24. Re3 b5 25. Red3 Qc5 26. Qf3 a5
27. a3 Rf8 28. Qd1 Rb7 29. Rd8 Rxd8 30. Rxd8+ Kg7 31. Qd4+ Qxd4 32. Rxd4 e5 33.
Rd3 b4 34. cxb4 axb4 35. Rb3 Rd7 36. g3 bxa3 37. Rxa3 Rd1+ 38. Kg2 Rd2 39. Rb3
h5 40. h4 f5 41. Kf1 f4 42. gxf4 exf4 43. Kg2 Kf6 44. Rb5 Rd3 45. b4 Rb3 46.
Rb8 Kf5 47. f3 Rb2+ 48. Kg1 Ke5 49. b5 Kd4 50. Re8 Rxb5 51. Re4+ Kd3 52. Rxf4
Ke3 53. Rf6 1/2-1/2